Hodnotenie úverového rizika pri financovaní potrieb právnických osôb - podnikateľov a odvodenie požiadavky na vlastné zdroje základným prístupom interných ratingov podľa pravidiel Basel II

Prístup interných ratingov k úverovému riziku podľa Basel II. Základné pojmy IRB prístupu - charakteristika rizikových prvkov podľa slovenskej legislatívy. Určenie rizikových prvkov prístupom interných ratingov pre expozície voči právnickým osobám podnikateľom. Určenie hodnoty rizikovo vážených exp...

Descrizione completa

Salvato in:
Dettagli Bibliografici
Autore principale: Tkáčová, Jana, 1977-
Natura: Capitolo di libro
Lingua:slovacco
Soggetti:
Tags: Aggiungi Tag
Nessun Tag, puoi essere il primo ad aggiungerne!!

MARC

LEADER 00000nla$a2200000$$$4500
001 0093918
005 20231121082200.6
041 0 |a slo 
044 |a SK 
245 1 0 |a Hodnotenie úverového rizika pri financovaní potrieb právnických osôb - podnikateľov a odvodenie požiadavky na vlastné zdroje základným prístupom interných ratingov podľa pravidiel Basel II  |c Jana Tkáčová 
520 |a Prístup interných ratingov k úverovému riziku podľa Basel II. Základné pojmy IRB prístupu - charakteristika rizikových prvkov podľa slovenskej legislatívy. Určenie rizikových prvkov prístupom interných ratingov pre expozície voči právnickým osobám podnikateľom. Určenie hodnoty rizikovo vážených expozícií. Zmierňovanie úverového rizika. Výpočet hodnoty vlastných zdrojov na krytie úverového rizika. 
610 2 0 |a riziko úverové 
610 2 0 |a osoby právnické 
610 2 0 |a podnikatelia 
610 2 0 |a zdroje finančné vlastné 
610 2 0 |a rating 
610 2 0 |a banky 
100 1 |a Tkáčová, Jana, 1977-